Efektívnosť spolupráce študentov ekonómie a študentov matematiky pri riešení úloh z teórie hier

Saved in:
Bibliographic Details
Main Author: Coroničová Hurajová, Jana, 1986-
Format: Book Chapter
Language:Slovak
English
Tags: Add Tag
No Tags, Be the first to tag this record!

MARC

LEADER 00000nla a2200000 4500
001 0209176
005 20240502073456.2
041 0 |a slo 
041 0 |a eng 
044 |a SK 
245 1 0 |a Efektívnosť spolupráce študentov ekonómie a študentov matematiky pri riešení úloh z teórie hier  |c Jana Coroničová Hurajová 
500 |a Abstrakt 
100 1 |a Coroničová Hurajová, Jana, 1986-